[Event "Corona Open"]
[Site "Biel/Bienne"]
[Date "2020.07.21"]
[Round "2.1"]
[White "Krivenko, Dion"]
[Black "Bauer, Christian"]
[Result "0-1"]
[WhiteElo "2046"]
[BlackElo "2623"]
[PlyCount "68"]
[EventDate "2020.07.20"]
[EventCountry "SUI"]
[SourceVersionDate "2020.07.21"]

1. e4 g6 2. d4 Bg7 3. Nc3 d6 4. Be3 a6 5. f4 b5 6. Nf3 b4 7. Na4 Bb7 8. e5 Nh6
9. Bd3 e6 10. h3 Nf5 11. Bxf5 gxf5 12. c3 a5 13. O-O Nd7 14. Bd2 Qb8 15. a3
bxc3 16. bxc3 Bd5 17. Rb1 Qa7 18. Kh1 O-O 19. Qe2 Rab8 20. Be3 Qa8 21. c4 Be4
22. Rb5 Bc6 23. Rxb8 Rxb8 24. Nc3 Nf8 25. Nh4 Ng6 26. Nxg6 hxg6 27. Rb1 Rxb1+
28. Nxb1 Qb7 29. Qa2 Bxg2+ 30. Kh2 Bf1 31. exd6 cxd6 32. Nc3 Qf3 33. Qf2 Qxh3+
34. Kg1 Bxc4 0-1

[Event "Corona Open"]
[Site "Biel/Bienne"]
[Date "2020.07.21"]
[Round "2.2"]
[White "Bellahcene, Bilel"]
[Black "Ohler, Julius"]
[Result "1/2-1/2"]
[WhiteElo "2502"]
[BlackElo "2024"]
[PlyCount "80"]
[EventDate "2020.07.20"]
[EventCountry "SUI"]
[SourceVersionDate "2020.07.21"]

1. e4 c6 2. d4 d5 3. e5 Bf5 4. h4 h5 5. Bd3 Bxd3 6. Qxd3 e6 7. Bg5 Qb6 8. Nd2
c5 9. c4 Nc6 10. Ngf3 Be7 11. dxc5 Bxc5 12. O-O Nge7 13. a3 a5 14. cxd5 Nxd5
15. Nc4 Qa6 16. Rac1 O-O 17. Qe4 Nce7 18. Bd2 a4 19. Ng5 Nf5 20. g4 hxg4 21.
Qxg4 Be7 22. Nf3 Rac8 23. Kh2 b5 24. Ne3 Ndxe3 25. fxe3 Rxc1 26. Rxc1 Rc8 27.
e4 Rxc1 28. Bxc1 Qc6 29. exf5 Qxc1 {(=)} 30. fxe6 Qxb2+ 31. Kg3 Qxa3 32. exf7+
Kxf7 33. Qf5+ Kg8 34. Qe6+ Kf8 35. Qc8+ Kf7 36. Qf5+ Kg8 37. h5 Qb3 38. h6 gxh6
39. e6 Qb2 40. Ne5 Qc3+ 1/2-1/2

[Event "Corona Open"]
[Site "Biel/Bienne"]
[Date "2020.07.21"]
[Round "2.3"]
[White "Bonferroni, Thierry"]
[Black "Siebrecht, Sebastian"]
[Result "0-1"]
[WhiteElo "1964"]
[BlackElo "2429"]
[PlyCount "50"]
[EventDate "2020.07.20"]
[EventCountry "SUI"]
[SourceVersionDate "2020.07.21"]

1. e4 g6 2. d4 Bg7 3. Nc3 d6 4. Bg5 a6 5. f4 b5 6. Nf3 Bb7 7. Bd3 Nd7 8. e5 c5
9. Be4 Bxe4 10. Nxe4 Qb6 11. c3 cxd4 12. cxd4 Nh6 13. Qe2 d5 14. Nd6+ Kf8 15.
Bxh6 Bxh6 16. Nxf7 Kxf7 17. O-O e6 18. Ng5+ Bxg5 19. fxg5+ Ke7 20. Qg4 Raf8 21.
Qh4 Kd8 22. Rac1 Rxf1+ 23. Kxf1 Rf8+ 24. Ke2 Rf7 25. b4 a5 0-1

[Event "Corona Open"]
[Site "Biel/Bienne"]
[Date "2020.07.21"]
[Round "2.4"]
[White "Meins, Gerlef"]
[Black "Ermitsch, Magnus"]
[Result "1-0"]
[WhiteElo "2415"]
[BlackElo "2000"]
[PlyCount "71"]
[EventDate "2020.07.20"]
[EventCountry "SUI"]
[SourceVersionDate "2020.07.21"]

1. Nf3 Nf6 2. c4 e6 3. g3 d5 4. Bg2 Be7 5. O-O O-O 6. d4 dxc4 7. Ne5 Nc6 8.
Nxc6 bxc6 9. e3 Nd5 10. Qa4 Nb6 11. Qa5 Rb8 12. Nd2 Bb7 13. Ne4 c5 14. dxc5 Nd7
15. Rd1 Bxe4 16. Bxe4 Bxc5 17. Rxd7 Qxd7 18. Qxc5 Qd6 19. Qxc4 Rb4 20. Qc2 Rd8
21. b3 Qd1+ 22. Kg2 f5 23. Qxd1 Rxd1 24. Bf3 Re1 25. Bb2 Rxa1 26. Bxa1 Kf7 27.
Bc3 Rb5 28. Be2 Rc5 29. Bc4 a6 30. h4 Rc6 31. Be5 h5 32. Kf3 g6 33. a4 Ke7 34.
Ke2 Kd7 35. Kd3 a5 36. Bb5 1-0

[Event "Corona Open"]
[Site "Biel/Bienne"]
[Date "2020.07.21"]
[Round "2.5"]
[White "Perreard, Nicolas"]
[Black "Gschnitzer, Adrian"]
[Result "0-1"]
[WhiteElo "1956"]
[BlackElo "2404"]
[PlyCount "64"]
[EventDate "2020.07.20"]
[EventCountry "SUI"]
[SourceVersionDate "2020.07.21"]

1. d4 Nf6 2. c4 c5 3. d5 b5 4. cxb5 a6 5. f3 axb5 6. e4 Qa5+ 7. Bd2 b4 8. Na3
d6 9. Nc4 Qd8 10. a4 e6 11. dxe6 Bxe6 12. Bg5 Be7 13. Bd3 d5 14. exd5 Nxd5 15.
Bxe7 Qxe7 16. Ne2 O-O 17. O-O Nc6 18. Re1 Rfd8 19. Qc2 g6 20. Be4 Qg5 21. Qc1
Qf6 22. Bxd5 Bxd5 23. Nb6 Ra5 24. Nxd5 Rxd5 25. Qc4 Rd2 26. b3 Ra8 27. Rad1 Qd6
28. Rc1 Re8 29. Qb5 Re6 30. Kf1 Qxh2 31. Qxc5 Nd4 32. Qg5 Rexe2 0-1

[Event "Corona Open"]
[Site "Biel/Bienne"]
[Date "2020.07.21"]
[Round "2.6"]
[White "Baenziger, Fabian"]
[Black "Steibel, Julien"]
[Result "1-0"]
[WhiteElo "2403"]
[BlackElo "1989"]
[PlyCount "71"]
[EventDate "2020.07.20"]
[EventCountry "SUI"]
[SourceVersionDate "2020.07.21"]

1. d4 Nf6 2. c4 g6 3. Nf3 Bg7 4. g3 d5 5. Bg2 c6 6. O-O O-O 7. Qa4 Ne4 8. Rd1
dxc4 9. Qxc4 Nd6 10. Qc2 Bf5 11. Qb3 Qb6 12. Qxb6 axb6 13. Bg5 Re8 14. Nc3 Nd7
15. Nh4 Be6 16. Bf4 Nc4 17. b3 Nd6 18. Rac1 Ra5 19. d5 cxd5 20. b4 d4 21. bxa5
dxc3 22. Bxd6 exd6 23. Bxb7 Nc5 24. Bc6 Rc8 25. Bd5 bxa5 26. Bxe6 Nxe6 27. Nf3
a4 28. Rxd6 Nc5 29. Rc2 Rb8 30. Kg2 h6 31. Ne1 Rb2 32. Rc6 Nb3 33. axb3 Rxc2
34. Nxc2 axb3 35. Na3 b2 36. Kf3 1-0

[Event "Corona Open"]
[Site "Biel/Bienne"]
[Date "2020.07.21"]
[Round "2.7"]
[White "Fecker, Noah"]
[Black "Moriniaux, Colin"]
[Result "1/2-1/2"]
[WhiteElo "2346"]
[BlackElo "1963"]
[PlyCount "89"]
[EventDate "2020.07.20"]
[EventCountry "SUI"]
[SourceVersionDate "2020.07.21"]

1. e4 c5 2. Nf3 d6 3. d4 cxd4 4. Nxd4 Nf6 5. Nc3 g6 6. Be3 Bg7 7. f3 Nc6 8. Qd2
O-O 9. O-O-O d5 10. Kb1 Nxd4 11. e5 Nf5 12. exf6 Bxf6 13. Nxd5 Be6 14. Nxf6+
exf6 15. Bc5 Qxd2 16. Rxd2 Rfd8 17. Rxd8+ Rxd8 18. Bd3 Kg7 19. a3 Nh4 20. Rg1
b6 21. Bf2 Nf5 22. Rd1 g5 23. Kc1 h5 24. Be2 Rxd1+ 25. Kxd1 Nd6 26. b3 f5 27.
c4 f6 28. Kc2 Nb7 29. b4 Kf7 30. Kc3 Ke7 31. Bd3 f4 32. c5 bxc5 33. bxc5 Nd8
34. h4 g4 35. Bg6 g3 36. Be1 Bf7 37. Bxf7 Nxf7 38. Bd2 Nh6 39. Bxf4 Nf5 40. Kc4
Nxh4 41. Bxg3 Nxg2 42. Kd5 h4 43. Bd6+ Kd8 44. Ke4 h3 45. c6 1/2-1/2

[Event "Corona Open"]
[Site "Biel/Bienne"]
[Date "2020.07.21"]
[Round "2.8"]
[White "Famel, Edouard"]
[Black "Youssoupov, Moisse"]
[Result "1/2-1/2"]
[WhiteElo "1934"]
[BlackElo "2333"]
[PlyCount "71"]
[EventDate "2020.07.20"]
[EventCountry "SUI"]
[SourceVersionDate "2020.07.21"]

1. d4 g6 2. c4 Bg7 3. Nf3 c5 4. e3 Nf6 5. Nc3 O-O 6. Be2 cxd4 7. exd4 d5 8. O-O
Nc6 9. Bg5 Be6 10. cxd5 Nxd5 11. Qd2 Qa5 12. Rfd1 Rfd8 13. Ne4 Qxd2 14. Rxd2 f6
15. Nc5 Bf7 16. Be3 b6 17. Na4 Nxe3 18. fxe3 Bh6 19. Kf2 e5 20. d5 Nb4 21. Nc3
Nxd5 22. Nxd5 Rxd5 23. Rxd5 Bxd5 24. Rd1 Bxa2 25. Rd7 Bf8 26. Nd2 Be6 27. Rb7
f5 28. Nf3 Bd5 29. Rd7 Be6 30. Rb7 Bc5 31. Ng5 Bb3 32. Nxh7 f4 33. Nf6+ Kf8 34.
Nh7+ Ke8 35. Nf6+ Kf8 36. Nh7+ 1/2-1/2

[Event "Corona Open"]
[Site "Biel/Bienne"]
[Date "2020.07.21"]
[Round "2.9"]
[White "Karsay, Pascal"]
[Black "Briand, Amaury"]
[Result "1-0"]
[WhiteElo "2304"]
[BlackElo "1929"]
[PlyCount "71"]
[EventDate "2020.07.20"]
[EventCountry "SUI"]
[SourceVersionDate "2020.07.21"]

1. Nf3 d5 2. g3 g6 3. Bg2 Bg7 4. d4 Nh6 5. O-O Nf5 6. c3 Nd7 7. Nbd2 Nd6 8. Qb3
c6 9. e4 Nxe4 10. Nxe4 dxe4 11. Ng5 O-O 12. Nxe4 e5 13. Bg5 Qc7 14. Rfe1 Re8
15. dxe5 Nxe5 16. Nf6+ Bxf6 17. Bxf6 Re6 18. Bg5 Nd3 19. Red1 Rd6 20. Qa3 c5
21. c4 Nb4 22. Bf4 Rxd1+ 23. Rxd1 Qe7 24. Bd6 Qe2 25. Bf3 Qxc4 26. Qe3 Bg4 27.
Rc1 Nc2 28. Rxc2 Qxc2 29. Bxg4 Qxb2 30. Bxc5 Qxa2 31. Bd4 Qa5 32. Bc3 Qd5 33.
Qh6 f6 34. Bxf6 Qf7 35. Be6 Qxe6 36. Qg7# 1-0

[Event "Corona Open"]
[Site "Biel/Bienne"]
[Date "2020.07.21"]
[Round "2.10"]
[White "Prieb, Robert"]
[Black "Kamber, Bruno"]
[Result "0-1"]
[WhiteElo "1918"]
[BlackElo "2290"]
[PlyCount "90"]
[EventDate "2020.07.20"]
[EventCountry "SUI"]
[SourceVersionDate "2020.07.21"]

1. d4 g6 2. c4 Bg7 3. Nf3 Nf6 4. Nc3 O-O 5. e4 c6 6. Be2 d5 7. e5 Ne4 8. O-O f6
9. cxd5 cxd5 10. Qb3 Nxc3 11. bxc3 Nc6 12. exf6 exf6 13. Ba3 Re8 14. Bb5 Bg4
15. Nd2 Bh6 16. Qb2 Be2 17. Bxc6 bxc6 18. Rfe1 Rb8 19. Qc2 Qa5 20. Bb4 Qa6 21.
Nb3 Bd3 22. Nc5 Bxc2 23. Nxa6 Rbc8 24. Nc5 Bd2 25. Rxe8+ Rxe8 26. a4 h5 27. h4
Bf4 28. Kf1 {(=)} g5 29. g3 Bc7 30. hxg5 fxg5 31. a5 h4 32. Re1 Rxe1+ 33. Kxe1
hxg3 34. fxg3 Bxg3+ 35. Kf1 Kf7 36. Kg2 Bf4 37. Nb7 Ke6 38. Nd8+ Kf5 39. Nxc6
Be4+ 40. Kf1 g4 41. Ne7+ Ke6 42. c4 dxc4 43. Nc8 g3 44. Be1 g2+ 45. Kg1 c3 0-1

[Event "Corona Open"]
[Site "Biel/Bienne"]
[Date "2020.07.21"]
[Round "2.11"]
[White "Buchenau, Frank"]
[Black "Thomas, Jeremy"]
[Result "1-0"]
[WhiteElo "2278"]
[BlackElo "1914"]
[PlyCount "87"]
[EventDate "2020.07.20"]
[EventCountry "SUI"]
[SourceVersionDate "2020.07.21"]

1. e4 c5 2. g3 d6 3. Bg2 Nc6 4. c3 Nf6 5. d4 e5 6. d5 Ne7 7. Ne2 h5 8. h4 Bd7
9. a4 Nc8 10. O-O Be7 11. Na3 a6 12. Nc4 O-O 13. b4 b5 14. axb5 Bxb5 15. Na5
cxb4 16. c4 Bd7 17. Bd2 Ng4 18. Bxb4 Bxh4 19. c5 Bb5 20. c6 Bxe2 21. Qxe2 Bxg3
22. Bf3 Bf4 23. Bxg4 hxg4 24. Qxg4 g6 25. Kg2 Kg7 26. Rh1 f5 27. Qh3 Qg5+ 28.
Kf1 fxe4 29. Ke2 Qh5+ 30. Qxh5 gxh5 31. Rxh5 Kg6 32. Rh3 Rf7 33. Nb7 Kf6 34.
Rh8 Kg7 35. Re8 Rf8 36. Rg1+ Kf7 37. Re6 a5 38. Bxd6 Re8 39. Rxe8 Kxe8 40. Rg7
a4 41. Ba3 Nb6 42. Rh7 Bg5 43. d6 Bf6 44. d7+ 1-0

[Event "Corona Open"]
[Site "Biel/Bienne"]
[Date "2020.07.21"]
[Round "2.12"]
[White "Jakhari, Ansh"]
[Black "Contin, Daniel"]
[Result "0-1"]
[WhiteElo "1908"]
[BlackElo "2251"]
[PlyCount "42"]
[EventDate "2020.07.20"]
[EventCountry "SUI"]
[SourceVersionDate "2020.07.21"]

1. e4 e6 2. d4 d5 3. Nd2 c5 4. Ngf3 a6 5. c3 Nc6 6. exd5 exd5 7. dxc5 Bxc5 8.
Nb3 Bb6 9. Be2 Nf6 10. Bg5 Bxf2+ 11. Kxf2 Ne4+ 12. Kf1 Nxg5 13. Qd2 Ne4 14. Qe3
O-O 15. Rd1 Re8 16. Qf4 g5 17. Qc1 g4 18. Qh6 gxf3 19. gxf3 Qf6 20. Rg1+ Kh8
21. Qh5 Re5 0-1

[Event "Corona Open"]
[Site "Biel/Bienne"]
[Date "2020.07.21"]
[Round "2.13"]
[White "Adrian, Claude"]
[Black "Fecker, Jan"]
[Result "1-0"]
[WhiteElo "2246"]
[BlackElo "1898"]
[PlyCount "71"]
[EventDate "2020.07.20"]
[EventCountry "SUI"]
[SourceVersionDate "2020.07.21"]

1. Nf3 c5 2. c4 Nc6 3. Nc3 e5 4. e3 Nf6 5. d4 cxd4 6. exd4 e4 7. Nd2 Bb4 8. a3
Bxc3 9. bxc3 O-O 10. Be2 Re8 11. O-O b6 12. c5 bxc5 13. dxc5 Qa5 14. Nc4 Qxc5
15. Be3 Qd5 16. Qa4 Ne5 17. Rfd1 Qc6 18. Qxc6 dxc6 19. Nd6 Rf8 20. Bd4 Ned7 21.
Bc4 h6 22. h3 Nd5 23. Nxe4 N7b6 24. Bf1 Be6 25. a4 Ne7 26. Bc5 Rfe8 27. Nd6
Reb8 28. Rdb1 Nf5 29. a5 Nd7 30. Rxb8+ Nxb8 31. Ne8 Na6 32. Bxa6 Rxe8 33. Bb7
Rb8 34. a6 Bc4 35. Bxa7 Rd8 36. Bb6 1-0

[Event "Corona Open"]
[Site "Biel/Bienne"]
[Date "2020.07.21"]
[Round "2.14"]
[White "Lips, Adrian"]
[Black "Lorscheid, Gerhard"]
[Result "1/2-1/2"]
[WhiteElo "1878"]
[BlackElo "2241"]
[PlyCount "96"]
[EventDate "2020.07.20"]
[EventCountry "SUI"]
[SourceVersionDate "2020.07.21"]

1. e4 g6 2. Nc3 Bg7 3. f4 c6 4. Nf3 d5 5. e5 h5 6. d4 Nh6 7. Be3 Bg4 8. Bd3 Nf5
9. Bf2 e6 10. h3 Bxf3 11. Qxf3 h4 12. O-O Bf8 13. Rfd1 Nd7 14. b3 b5 15. Ne2 b4
16. c4 bxc3 17. Nxc3 Qa5 18. Rac1 Ba3 19. Rc2 Rc8 20. Na4 Qb4 21. Ba6 Rc7 22.
Qc3 O-O 23. Qxb4 Bxb4 24. Rdc1 Ba3 25. Rd1 Nb8 26. Bd3 Be7 27. Nc5 a5 28. Rdc1
Ra7 29. Kf1 {(=)} Kg7 30. Ke2 Re8 31. Kf3 Kh6 32. Bxf5 gxf5 33. Be1 Rg8 34. Bf2
Kh5 35. Be1 Bd8 36. Bf2 Re8 37. Rg1 Be7 38. g4+ hxg3 39. Rxg3 Bxc5 40. Rxc5 a4
41. b4 Na6 42. Ra5 Rea8 43. a3 Nc7 44. Rc5 Nb5 45. Ke2 Rc7 46. Rc1 Kh6 47. Rcg1
Rf8 48. Kd2 Kh7 1/2-1/2

[Event "Corona Open"]
[Site "Biel/Bienne"]
[Date "2020.07.21"]
[Round "2.15"]
[White "Rohrer, Christophe"]
[Black "Brandt, Daniel"]
[Result "1-0"]
[WhiteElo "2235"]
[BlackElo "1872"]
[PlyCount "113"]
[EventDate "2020.07.20"]
[EventCountry "SUI"]
[SourceVersionDate "2020.07.21"]

1. e4 c5 2. Nf3 e6 3. c4 Nc6 4. Nc3 a6 5. Be2 Qc7 6. O-O Nf6 7. a3 b6 8. d4
cxd4 9. Nxd4 Bb7 10. Nxc6 Qxc6 11. Bd3 Bc5 12. Bc2 O-O 13. Qd3 g6 14. b4 Be7
15. Ba4 Qc7 16. Bb2 Rad8 17. Rac1 Qb8 18. Bb3 d6 19. Qd4 e5 20. Qxb6 Nxe4 21.
Nxe4 Bxe4 22. Qxa6 Rd7 23. Bc2 Ra7 24. Qb5 Qxb5 25. cxb5 Bxc2 26. Rxc2 Rb8 27.
Rfc1 Rxb5 28. Rc7 Rbb7 29. Rxb7 Rxb7 30. Rc8+ Kg7 31. Kf1 Kf6 32. f4 Ke6 33.
fxe5 dxe5 34. Ke2 Kd5 35. Bc1 f5 36. Be3 Ke4 37. Bc5 Bg5 38. a4 Rd7 39. b5 Rd2+
40. Ke1 Ra2 41. b6 Ra1+ 42. Ke2 Ra2+ 43. Ke1 Ra1+ 44. Kf2 Ra2+ 45. Kg3 Bf4+ 46.
Kh3 g5 47. b7 g4+ 48. Kh4 Rxg2 49. Bg1 Rxg1 50. b8=Q Kf3 51. Rc3+ Kg2 52. Qb2+
Kh1 53. a5 e4 54. a6 Be5 55. a7 g3 56. hxg3 e3 57. a8=Q+ 1-0

[Event "Corona Open"]
[Site "Biel/Bienne"]
[Date "2020.07.21"]
[Round "2.16"]
[White "Battistella, Valentin"]
[Black "Pahud, Cedric"]
[Result "1/2-1/2"]
[WhiteElo "1861"]
[BlackElo "2225"]
[PlyCount "86"]
[EventDate "2020.07.20"]
[EventCountry "SUI"]
[SourceVersionDate "2020.07.21"]

1. d4 Nf6 2. Nf3 e6 3. Bf4 c5 4. c3 cxd4 5. cxd4 Qb6 6. Qc2 Nc6 7. e3 Nb4 8.
Qb3 Qa5 9. Nc3 b6 10. Ne5 Ba6 11. Nc4 Bxc4 12. Bxc4 Nbd5 13. Be5 Bb4 14. Rc1
O-O 15. O-O Nxc3 16. bxc3 Be7 17. Bd3 d6 18. Bxf6 Bxf6 19. a4 Rac8 20. Rc2 Rc7
21. Rfc1 Rfc8 22. Qb4 Qd5 23. c4 Qc6 24. Qb5 e5 25. Qxc6 Rxc6 26. dxe5 dxe5 27.
Rb1 e4 28. Bxe4 Rxc4 29. Rbc1 Bc3 30. Bd3 R4c5 31. Bb5 Kf8 32. Kf1 Bb4 33. Rxc5
Bxc5 34. Ke2 Ke7 35. Rd1 Bd6 36. Rd4 Rc2+ 37. Kf3 f5 38. h3 h5 39. Bd3 Rc5 40.
Bb5 Rc2 41. Bd3 Rc5 42. Bb5 {(=)} g6 43. Rc4 Rxc4 1/2-1/2

[Event "Corona Open"]
[Site "Biel/Bienne"]
[Date "2020.07.21"]
[Round "2.17"]
[White "Mathieu, Phileas"]
[Black "Roth, Daniel"]
[Result "1-0"]
[WhiteElo "2214"]
[BlackElo "1863"]
[PlyCount "59"]
[EventDate "2020.07.20"]
[EventCountry "SUI"]
[SourceVersionDate "2020.07.21"]

1. e4 e6 2. d3 d5 3. Qe2 dxe4 4. dxe4 Bd7 5. Nf3 Nc6 6. g3 Bc5 7. Bg2 Nge7 8.
O-O a6 9. c3 O-O 10. Nbd2 Ng6 11. Nb3 Qe7 12. e5 Ba7 13. Bg5 Qe8 14. Rfd1 Nge7
15. Rd2 h6 16. Be3 Bxe3 17. Qxe3 Rd8 18. Rad1 Nd5 19. Qe2 Bc8 20. Nfd4 Nxd4 21.
Rxd4 Qe7 22. Qd2 c5 23. Nxc5 Qxc5 24. c4 Qc7 25. cxd5 Qxe5 26. d6 Rd7 27. Qc2
Rfd8 28. Rc4 Rxd6 29. Rxd6 Qxd6 30. Rxc8 1-0

[Event "Corona Open"]
[Site "Biel/Bienne"]
[Date "2020.07.21"]
[Round "2.18"]
[White "Pellicoro, Nathalie"]
[Black "Saya, Ethan"]
[Result "1/2-1/2"]
[WhiteElo "1856"]
[BlackElo "2199"]
[PlyCount "101"]
[EventDate "2020.07.20"]
[EventCountry "SUI"]
[SourceVersionDate "2020.07.21"]

1. e4 e6 2. d4 d5 3. Nd2 dxe4 4. Nxe4 Nd7 5. g3 Ngf6 6. Nxf6+ Nxf6 7. Bg2 c5 8.
Nf3 Qb6 9. O-O Bd7 10. c4 cxd4 11. Nxd4 Bc5 12. Nb3 Bc6 13. Nxc5 Bxg2 14. Kxg2
Qxc5 15. Qa4+ Qc6+ 16. Qxc6+ bxc6 17. Be3 Kd7 18. Rfd1+ Kc7 19. Bf4+ Kb7 20.
Rd3 Rad8 21. Rad1 Rxd3 22. Rxd3 Re8 23. Be5 Re7 24. Rb3+ Ka6 25. Bd4 Nd7 26.
Ra3+ Kb7 27. Rxa7+ Kb8 28. Bc5 f5 29. Bxe7 Kxa7 30. f4 g6 31. Bd6 Nf6 32. Kf3
Ne4 33. Bb4 c5 34. Be1 Kb6 35. a3 Kc6 36. Ke3 h6 37. b4 Nf6 38. b5+ Kb7 39. h3
Ne4 40. a4 Ka7 41. a5 Kb7 42. Kd3 Ka7 43. Kc2 Kb7 44. h4 Ka7 45. Kb3 Kb7 46.
Ka4 Nd6 47. Kb3 Ne4 48. Kc2 Ka7 49. Kd3 Kb7 50. Ke2 Ka7 51. Kd3 1/2-1/2

[Event "Corona Open"]
[Site "Biel/Bienne"]
[Date "2020.07.21"]
[Round "2.19"]
[White "Jovanovic, Sladjan"]
[Black "Stoecklin, Carlo"]
[Result "1-0"]
[WhiteElo "2176"]
[BlackElo "1857"]
[PlyCount "49"]
[EventDate "2020.07.20"]
[EventCountry "SUI"]
[SourceVersionDate "2020.07.21"]

1. d4 Nf6 2. Nf3 g6 3. Nc3 d5 4. Bf4 Bg7 5. e3 Bg4 6. Be2 O-O 7. Ne5 Bxe2 8.
Qxe2 c6 9. h4 Nbd7 10. O-O-O e6 11. f3 Rc8 12. g4 c5 13. h5 cxd4 14. exd4 Nb6
15. Qd2 Nc4 16. Nxc4 dxc4 17. Be5 Qa5 18. Qf4 Nd7 19. Bxg7 Kxg7 20. hxg6 hxg6
21. Qh6+ Kf6 22. Rh5 Qc7 23. d5 Nc5 24. d6 Qd7 25. Rxc5 1-0

[Event "Corona Open"]
[Site "Biel/Bienne"]
[Date "2020.07.21"]
[Round "2.20"]
[White "Dammann, Jorn"]
[Black "Emmenecker, Pierre Antoine"]
[Result "0-1"]
[WhiteElo "1850"]
[BlackElo "2172"]
[PlyCount "242"]
[EventDate "2020.07.20"]
[EventCountry "SUI"]
[SourceVersionDate "2020.07.21"]

1. e4 e5 2. Nf3 Nc6 3. Bb5 a6 4. Ba4 Nf6 5. O-O Be7 6. Re1 b5 7. Bb3 d6 8. c3
O-O 9. h3 Nd7 10. d4 Bf6 11. d5 Ne7 12. Be3 Bb7 13. Nbd2 c6 14. c4 cxd5 15.
cxd5 Rc8 16. a4 Nc5 17. axb5 axb5 18. Qe2 Qd7 19. Ra5 Qc7 20. Qxb5 Bc6 21. Qb4
Nd3 22. Qa3 Nxe1 23. Nxe1 Ra8 24. Nc4 Rxa5 25. Qxa5 Qxa5 26. Nxa5 Bd7 27. Nc4
Rb8 28. Bd1 Nc8 29. Nc2 Bd8 30. N2a3 Bc7 31. Bg4 Bxg4 32. hxg4 Kf8 33. Kf1 Ke7
34. Ke2 Kd7 35. Bd2 Na7 36. b4 Nb5 37. Nxb5 Rxb5 38. Na3 Rb8 39. Kd3 Bb6 40. f3
Ra8 41. Nc4 Bd4 42. Na5 Kc7 43. Kc4 Bb6 44. Kd3 Bxa5 45. bxa5 Rb8 46. Ke2 Rb1
47. g5 Kb7 48. Be3 Rb2+ 49. Kf1 Ka6 50. Bb6 Rxb6 51. axb6 Kxb6 52. Ke2 Kc5 53.
Kd3 Kb4 54. Kc2 Kc4 55. Kb2 f6 56. gxf6 gxf6 57. Ka3 f5 58. Ka4 fxe4 59. fxe4
h5 60. g3 Kd4 61. Kb5 Kxe4 62. Kc6 Kf3 63. Kxd6 e4 64. Kc6 e3 65. d6 e2 66. d7
e1=Q 67. d8=Q Qc3+ 68. Kb5 Qe5+ 69. Ka6 Kxg3 70. Qg8+ Kf4 71. Qf7+ Qf5 72. Qc4+
Kg5 73. Qc1+ Kg6 74. Qg1+ Qg5 75. Qb1+ Kh6 76. Qh1 h4 77. Qf3 Qg6+ 78. Ka7 Kg7
79. Qc3+ Qf6 80. Qh3 Qf4 81. Qc3+ Kg6 82. Qd3+ Kg5 83. Qd5+ Qf5 84. Qd2+ Kg6
85. Qd6+ Qf6 86. Qd3+ Kg7 87. Qh3 Qa1+ 88. Kb7 Qb1+ 89. Ka7 Qe4 90. Qd7+ Kf6
91. Qd6+ Kg5 92. Qd8+ Kg4 93. Qd7+ Kg3 94. Qd6+ Kf3 95. Qh2 Qe3+ 96. Ka8 Qe8+
97. Ka7 Qd7+ 98. Ka6 Qe6+ 99. Ka7 h3 100. Qh1+ Kg4 101. Qg1+ Kh5 102. Qc5+ Kh6
103. Qc1+ Kh7 104. Qc2+ Qg6 105. Qf2 Qg7+ 106. Ka6 Qh6+ 107. Kb5 Qh5+ 108. Ka4
h2 109. Qc2+ Kh6 110. Qd2+ Kg6 111. Qc2+ Kg5 112. Qd2+ Kf5 113. Qc2+ Kf4 114.
Qf2+ Ke4 115. Qg2+ Ke3 116. Qg3+ Kd2 117. Qf2+ Qe2 118. Qf4+ Kc2 119. Qc7+ Kb2
120. Qb6+ Kc1 121. Qh6+ Qd2 0-1

[Event "Corona Open"]
[Site "Biel/Bienne"]
[Date "2020.07.21"]
[Round "2.21"]
[White "Borner, Daniel"]
[Black "Spanton, Timothy"]
[Result "1-0"]
[WhiteElo "2154"]
[BlackElo "1855"]
[PlyCount "81"]
[EventDate "2020.07.20"]
[EventCountry "SUI"]
[SourceVersionDate "2020.07.21"]

1. e4 c5 2. Nf3 g6 3. d4 cxd4 4. Qxd4 Nf6 5. Nc3 Nc6 6. Qa4 d6 7. e5 dxe5 8.
Nxe5 Bd7 9. Nxd7 Qxd7 10. Be3 Bg7 11. Rd1 Qg4 12. Qb5 Qb4 13. Qxb4 Nxb4 14.
Bb5+ Nc6 15. h3 O-O 16. O-O Rfc8 17. Be2 Ne5 18. Rd4 Nc6 19. Rd2 Rd8 20. Rfd1
Rxd2 21. Rxd2 Kf8 22. Bf3 Ne8 23. Rd7 Nd6 24. Bxc6 bxc6 25. Rxa7 Rb8 26. Nd1
Nc4 27. Bc5 Bf6 28. b3 Rd8 29. Ne3 Nxe3 30. Bxe3 Kg7 31. Kf1 e5 32. Ke2 e4 33.
a4 Rd5 34. Rc7 Rd6 35. Bc5 Re6 36. b4 Be5 37. Rc8 f5 38. a5 f4 39. a6 f3+ 40.
gxf3 exf3+ 41. Kxf3 1-0

[Event "Corona Open"]
[Site "Biel/Bienne"]
[Date "2020.07.21"]
[Round "2.22"]
[White "Rosebrock, Timotej Alexander"]
[Black "Schulz, Michael"]
[Result "0-1"]
[WhiteElo "2132"]
[BlackElo "1839"]
[PlyCount "92"]
[EventDate "2020.07.20"]
[EventCountry "SUI"]
[SourceVersionDate "2020.07.21"]

1. e4 g6 2. d4 Bg7 3. Nf3 c6 4. Nc3 d5 5. e5 Nh6 6. Bg5 f6 7. exf6 exf6 8. Bf4
O-O 9. Be2 b5 10. Qd2 Nf7 11. O-O Nd7 12. Rfe1 Nb6 13. b3 g5 14. Be3 h6 15. a4
b4 16. Na2 a5 17. c3 f5 18. cxb4 f4 19. Bxf4 gxf4 20. bxa5 Nd7 21. Rac1 Qxa5
22. Qxa5 Rxa5 23. Rxc6 Nf6 24. Rec1 Bd7 25. Rc7 Re8 26. Bd3 Bf8 27. h3 Bd6 28.
R7c2 Rb8 29. Nd2 f3 30. Nc3 fxg2 31. Kxg2 Ng5 32. h4 Nh3 33. Bb5 Bf5 34. Ra2
Kh7 35. Ne2 Rg8+ 36. Ng3 Nf4+ 37. Kh1 Ng4 38. Ndf1 Be4+ 39. Nxe4 dxe4 40. Rc3
Nd3 41. Bxd3 exd3 42. f3 Rh5 43. fxg4 Rxh4+ 44. Nh2 Re8 45. Rc1 Re2 46. Raa1
Bxh2 0-1

[Event "Corona Open"]
[Site "Biel/Bienne"]
[Date "2020.07.21"]
[Round "2.23"]
[White "Cahen, Alexis"]
[Black "Courjal, Pauline"]
[Result "1-0"]
[WhiteElo "2125"]
[BlackElo "1848"]
[PlyCount "47"]
[EventDate "2020.07.20"]
[EventCountry "SUI"]
[SourceVersionDate "2020.07.21"]

1. e4 e6 2. Nc3 b6 3. g3 Bb7 4. Bg2 f5 5. d3 Nf6 6. Nge2 Bc5 7. Bg5 Bxf2+ 8.
Kf1 fxe4 9. Nf4 Bd4 10. Nxe4 Bxe4 11. Bxe4 c6 12. Kg2 Bxb2 13. Nh5 O-O 14. Rf1
d5 15. d4 dxe4 16. Bxf6 Rxf6 17. Rxf6 Bxd4 18. Rxe6 Qd5 19. Re8+ Kf7 20. Nf4
Qc4 21. Rxe4 c5 22. Qh5+ Kf6 23. Nd5+ Qxd5 24. Rf1+ 1-0

[Event "Corona Open"]
[Site "Biel/Bienne"]
[Date "2020.07.21"]
[Round "2.24"]
[White "Moerwald, Magdalena"]
[Black "Jepsen, Thomas Tange"]
[Result "1/2-1/2"]
[WhiteElo "1791"]
[BlackElo "2116"]
[PlyCount "123"]
[EventDate "2020.07.20"]
[EventCountry "SUI"]
[SourceVersionDate "2020.07.21"]

1. e4 c6 2. d4 d5 3. exd5 cxd5 4. Bd3 Nc6 5. c3 Nf6 6. Bf4 Bg4 7. Ne2 e6 8. Nd2
Be7 9. Nb3 O-O 10. f3 Bf5 11. Bxf5 exf5 12. Qd3 Qc8 13. Ng3 g6 14. O-O Nd8 15.
Rae1 Ne6 16. Bh6 Re8 17. Qd2 Bf8 18. Bxf8 Rxf8 19. Qh6 Nd7 20. f4 Qd8 21. Re3
Qf6 22. Nc1 Kh8 23. Nd3 Qg7 24. Qh4 Qf6 25. Qh6 Qg7 26. Qh4 Nxd4 27. Re7 Rad8
28. cxd4 Qxd4+ 29. Nf2 Qxb2 30. Rxf7 Rxf7 31. Qxd8+ Kg7 32. Qa5 Qd4 33. Ne2 Qe3
34. Qc3+ Qxc3 35. Nxc3 Nf6 36. Rd1 Rd7 37. Nd3 Rc7 38. Nb5 Rc2 39. a3 a6 40.
Nb4 Rc5 41. Nd4 Kf7 42. Nb3 Rc3 43. Rd3 Rc4 44. Nxd5 Nxd5 45. Rxd5 Rxf4 46.
Rd7+ Kf6 47. Nc5 Rc4 48. Nxb7 Rc1+ 49. Kf2 Rc2+ 50. Kf1 Ra2 51. Rd3 Ke5 52. Nc5
a5 53. h3 g5 54. Rg3 h6 55. Nb7 f4 56. Rc3 Kd4 57. Rf3 a4 58. Nd6 Rb2 59. Nf5+
Kc4 60. Nd6+ Kd4 61. Nf5+ Kc4 62. Nd6+ 1/2-1/2